|
|
|
|
| LEADER |
00000nam a22000007a 4500 |
| 005 |
20160503135858.0 |
| 007 |
cr|||| ||u| |
| 008 |
160503s2014 ck ||||| |||||00||0 spa d |
| 020 |
|
|
|a 978-958-738-455-0
|
| 035 |
|
|
|a 978-958-738-455-0
|
| 040 |
|
|
|a vLex
|
| 090 |
|
|
|c 6046
|d 6046
|
| 100 |
1 |
|
|a Restrepo Medina, Manuel Alberto
|
| 245 |
1 |
0 |
|a Diseǫ institucional de las entidades de fiscalizacin̤ superior de Amřica Latina
|h [Recurso electrn̤ico] /
|c Manuel Alberto Restrepo Medina
|
| 256 |
|
|
|a Servicio en ln̕ea
|
| 260 |
|
|
|a Colombia
|b Editorial Universidad de Rosario (Colombia)
|c 2014
|
| 300 |
|
|
|a 1 recurso electrn̤ico (434 Pg̀inas)
|
| 506 |
1 |
|
|a Contenido solo disponible en los productos indicados
|d vLex Global
|d vLex Global (Academic Edition, excluding Law Schools)
|d vLex Global (U.S. Academic Edition, Law Schools)
|d vLex Global (U.S. Academic Edition, excluding Law Schools)
|d vLex Global (Academic Edition, Law Schools)
|
| 650 |
0 |
4 |
|a Derecho
|z Amřica Latina
|
| 700 |
1 |
|
|a Purn̤ Cid, Gabriel
|
| 740 |
0 |
|
|a vLex libros (servicio en ln̕ea)
|
| 856 |
4 |
0 |
|u http://vlex.com/source/dise-o-institucional-entidades-fiscalizacion-superior-america-latina-14185
|z Acceso restringido
|
| 942 |
|
|
|c BOOK
|
| 999 |
0 |
|
|a Law
|b Latin America
|